Progress in particle and nuclear physics / (Record no. 9422)
[ view plain ]
| 000 -LEADER | |
|---|---|
| fixed length control field | 01350cas a2200385 a 4500 |
| 001 - CONTROL NUMBER | |
| control field | 9422 |
| 003 - CONTROL NUMBER IDENTIFIER | |
| rucl marc code | BD-RjUL |
| 005 - DATE AND TIME OF LATEST TRANSACTION | |
| control field | 20211208234757.0 |
| 008 - FIXED-LENGTH DATA ELEMENTS--GENERAL INFORMATION | |
| fixed length control field | 140121s1982 enkuu 0 1 0eng d |
| 030 ## - CODEN DESIGNATION | |
| CODEN | PPNPDB |
| 035 ## - SYSTEM CONTROL NUMBER | |
| System control number | (OCoLC)4259037 |
| System control number | (OCoLC)ocm04259037 |
| System control number | (CStRLIN)NYCG83-S972 |
| System control number | (BD-RjUL)9467 |
| System control number | (NNC)201965 |
| 040 ## - CATALOGING SOURCE | |
| Original cataloging agency | MCM |
| Transcribing agency | MCM |
| Modifying agency | CtY |
| -- | DLC |
| -- | NSDP |
| -- | FU |
| -- | DLC |
| -- | NSDP |
| -- | DLC |
| -- | NST |
| -- | OCL |
| -- | NST |
| -- | NNC |
| -- | BD-RjUL |
| Language of cataloging | eng |
| 041 ## - LANGUAGE CODE | |
| Language code of text/sound track or separate title | eng |
| 082 ## - DEWEY DECIMAL CLASSIFICATION NUMBER | |
| Classification number | 539.721 |
| Author mark and year | PRO 1982 |
| 090 ## - LOCALLY ASSIGNED LC-TYPE CALL NUMBER (OCLC); LOCAL CALL NUMBER (OCLC) | |
| Classification number (OCLC) (R) ; Classification number, CALL (RLIN) (NR) | QC770 |
| Local cutter number (OCLC) ; Book number/undivided call number, CALL (RLIN) | .P76 |
| 245 00 - TITLE STATEMENT | |
| Title | Progress in particle and nuclear physics / |
| Statement of responsibility, etc. | edited by Denys Wilkinson |
| Number of part/section of a work | Volume 8 |
| 246 10 - VARYING FORM OF TITLE | |
| Title proper/short title | Particle and nuclear physics |
| 260 ## - PUBLICATION, DISTRIBUTION, ETC. (IMPRINT) | |
| Place of publication, distribution, etc. | Oxford ; |
| -- | New York : |
| Name of publisher, distributor, etc. | Pergamon Press, |
| Date of publication, distribution, etc. | c1982 |
| 300 ## - PHYSICAL DESCRIPTION | |
| Pagination | viii, 446 : |
| Illustrations | ill. ; |
| Size | 25 cm. |
| 500 ## - GENERAL NOTE | |
| General note | Some vols. also have distinctive titles. |
| 504 ## - BIBLIOGRAPHY, ETC. NOTE | |
| Bibliography, etc | Includes index. |
| 520 ## - SUMMARY, ETC. | |
| Summary, etc. | Some vols. consist of proceedings of the International School of Nuclear Physics, 1976- |
| 650 #0 - SUBJECT ADDED ENTRY--TOPICAL TERM | |
| Topical term or geographic name as entry element | Particles (Nuclear physics) |
| 9 (RLIN) | 20725 |
| Topical term or geographic name as entry element | Nuclear physics. |
| 9 (RLIN) | 29201 |
| 711 2# - ADDED ENTRY--MEETING NAME | |
| Meeting name or jurisdiction name as entry element | International School of Nuclear Physics. |
| Title of a work | Proceedings of the International School of Nuclear Physics. |
| 9 (RLIN) | 29202 |
| 780 00 - PRECEDING ENTRY | |
| Title | Progress in nuclear physics |
| International Standard Serial Number | 0079-659X |
| 942 ## - ADDED ENTRY ELEMENTS (KOHA) | |
| Source of classification or shelving scheme | Dewey Decimal Classification |
| Koha item type | Books |
| Lost status | Source of classification or shelving scheme | Materials specified (bound volume or other part) | Damaged status | Not for loan | Collection code | Permanent Location | Current Location | Shelving location | Date acquired | Source of acquisition | Cost, normal purchase price | Total Checkouts | Full call number | Date last seen | Copy number | Koha item type |
|---|---|---|---|---|---|---|---|---|---|---|---|---|---|---|---|---|
| Dewey Decimal Classification | V-8 | Not For Loan | Non-fiction | Central Library, University of Rajshahi | Central Library, University of Rajshahi | Reading Room | 17/07/1985 | Topan talip | 84.00 | 539.721 PRO 1982 | 21/01/2014 | C-1 | Books |